000 00313cam a22000977a 4500
008 180718b1962 xxu||||| |||| 00| 0 eng d
100 _aIndia. Rajya Sabha Secretariat
245 _aRajya Sabha debates, Vol. XXXIX, Nos. 7-11 (21 - 26 June 1962)
260 _aNew Delhi
_bRajya Sabha Secretariat
_c1962
300 _av.p.
999 _c486233
_d486233